000 00392nam a2200157Ia 4500
008 220204s9999 xx 000 0 und d
082 _a028.28680
_bBRY
100 _aBrydson, J A
245 0 _aFlow properties of polymer melts
250 _aEd.2
260 _aLondon
_bGeorge Godwin
_c1981
650 _aElongational flow
650 _aPolymer melts
650 _aShear flow
942 _cBK
999 _c36436
_d36436